Data mining

Informácie získavané z báz dát organizácií sú podkladom pre získavanie znalostí. Data mining (dolovanie dát) ako súčasť procesu objavovania znalostí v bázach dát (knowledge discovery in databases). Požiadavky na dolovanie dát. Modely používané v data mining. Vlastnosti softvéru pre data mining.

Uložené v:
Podrobná bibliografia
Hlavný autor: Klímek, Petr
Médium: Kapitola
Jazyk:Czech
Predmet:
Tagy: Pridať tag
Žiadne tagy, Buďte prvý, kto otaguje tento záznam!

MARC

LEADER 00000naa a2200000 4500
001 r047738
005 20231004103926.5
041 0 |a cze 
044 |a CZ 
245 1 0 |a Data mining  |c Petr Klímek 
520 |a Informácie získavané z báz dát organizácií sú podkladom pre získavanie znalostí. Data mining (dolovanie dát) ako súčasť procesu objavovania znalostí v bázach dát (knowledge discovery in databases). Požiadavky na dolovanie dát. Modely používané v data mining. Vlastnosti softvéru pre data mining. 
610 2 0 |a báza dát 
610 2 0 |a báza znalostí 
610 2 0 |a dáta 
610 2 0 |a modely 
610 2 0 |a softvér 
610 2 0 |a dolovanie dát 
100 1 |a Klímek, Petr